[Event "Dokmus Internacional de Xadrez 2013"]
[Site "Recife"]
[Date "2013.01.18"]
[Round "2.1"]
[White "Zallio, Luciano De Souza"]
[Black "Milos, Gilberto"]
[Result "0-1"]
[WhiteElo "2102"]
[BlackElo "2580"]
[PlyCount "60"]
[EventDate "2013.01.17"]

1. e4 c5 2. Nf3 d6 3. d4 cxd4 4. Nxd4 Nf6 5. Nc3 Nc6 6. Bg5 e6 7. Qd2 a6 8.
O-O-O Bd7 9. f4 b5 10. Bxb5 axb5 11. Ndxb5 Nb4 12. Bxf6 gxf6 13. Nxd6+ Bxd6 14.
Qxd6 Nxa2+ 15. Nxa2 Rxa2 16. Kb1 Ra7 17. Rhf1 Qa5 18. Qb8+ Bc8 19. Kc1 O-O 20.
Rf3 Qa1+ 21. Kd2 Rd7+ 22. Rd3 Qa5+ 23. Kc1 Rxd3 24. cxd3 Bd7 25. Qb7 Ba4 26. b4
Qd8 27. Rd2 Qd4 28. Rb2 Qc3+ 29. Kb1 Qxd3+ 30. Ka2 Qc4+ 0-1

[Event "Dokmus Internacional de Xadrez 2013"]
[Site "Recife"]
[Date "2013.01.18"]
[Round "2.3"]
[White "Cardoso, Almir Correia"]
[Black "Reis, Paulo F. Jatoba De O"]
[Result "0-1"]
[WhiteElo "2094"]
[BlackElo "2414"]
[PlyCount "48"]
[EventDate "2013.01.17"]

1. e4 e6 2. d4 d5 3. Nc3 Bb4 4. e5 Ne7 5. a3 Bxc3+ 6. bxc3 b6 7. Qg4 Ng6 8. h4
h5 9. Qg3 Ba6 10. Bxa6 Nxa6 11. Ne2 Qd7 12. Qd3 Qa4 13. Nf4 Ne7 14. O-O c5 15.
Rb1 Rc8 16. Be3 Nf5 17. Rfc1 Nxh4 18. g3 Nf5 19. Qe2 g6 20. g4 hxg4 21. Qxg4
Kd7 22. Qg5 Rh7 23. Qf6 Rch8 24. dxc5 Rh1+ 0-1

[Event "Dokmus Internacional de Xadrez 2013"]
[Site "Recife"]
[Date "2013.01.18"]
[Round "2.4"]
[White "Macedo, Maximo Iack"]
[Black "Fiaes, Mario Henrique Andr"]
[Result "1-0"]
[WhiteElo "2408"]
[BlackElo "2078"]
[PlyCount "66"]
[EventDate "2013.01.17"]

1. d4 Nf6 2. Bg5 e6 3. Nc3 d5 4. e4 dxe4 5. Nxe4 Be7 6. Bxf6 Bxf6 7. Nf3 O-O 8.
Bd3 Nd7 9. Qe2 b6 10. Nfg5 h6 11. Nh7 Re8 12. Nhxf6+ Nxf6 13. Bb5 Rf8 14. Bc6
Rb8 15. O-O-O Nxe4 16. Qxe4 Qf6 17. f4 Rd8 18. Qe5 Qe7 19. Rhe1 Rd6 20. Bf3 Qd8
21. d5 Bd7 22. g3 Qe7 23. Qc3 Qd8 24. Qa3 exd5 25. Rxd5 Rxd5 26. Bxd5 c6 27.
Bf3 a5 28. Qe3 Be8 29. Qe5 b5 30. c3 a4 31. Be2 Bd7 32. Rd1 Qb6 33. Rxd7 g6 1-0

[Event "Dokmus Internacional de Xadrez 2013"]
[Site "Recife"]
[Date "2013.01.18"]
[Round "2.5"]
[White "Moura, Paulo Jorge Alves B"]
[Black "Santiago, Yago De Moura"]
[Result "0-1"]
[WhiteElo "2068"]
[BlackElo "2405"]
[PlyCount "56"]
[EventDate "2013.01.17"]

1. d4 g6 2. c4 Bg7 3. e4 d6 4. g3 Nf6 5. Bg2 O-O 6. Ne2 Nc6 7. O-O Nd7 8. Nbc3
e5 9. d5 Ne7 10. Kh1 f5 11. Bg5 h6 12. Be3 Nf6 13. f3 g5 14. exf5 Nxf5 15. Bf2
a6 16. g4 Ne7 17. Qd3 Qe8 18. Ng3 Ng6 19. Nge2 Bd7 20. b4 e4 21. fxe4 Ne5 22.
Qc2 Nfxg4 23. Bd4 Qh5 24. h3 Rf3 25. Rxf3 Nxf3 26. Bg1 Nxg1 27. Nxg1 Rf8 28.
Bf3 Rxf3 0-1

[Event "Dokmus Internacional de Xadrez 2013"]
[Site "Recife"]
[Date "2013.01.18"]
[Round "2.6"]
[White "Pereira, Silvio Cunha"]
[Black "Rosa, Jose Antonio"]
[Result "1/2-1/2"]
[WhiteElo "2297"]
[BlackElo "2058"]
[PlyCount "104"]
[EventDate "2013.01.17"]

1. e4 c5 2. Nf3 Nc6 3. d4 cxd4 4. Nxd4 d5 5. exd5 Qxd5 6. Be3 e5 7. Nc3 Qa5 8.
Nb3 Qd8 9. Qxd8+ Nxd8 10. Nb5 Ne6 11. Nxa7 Bd7 12. O-O-O Nf6 13. Kb1 Be7 14.
Bb5 Bxb5 15. Nxb5 O-O 16. h3 Rfd8 17. Bb6 Rdc8 18. Rhe1 Rc6 19. Be3 Bb4 20. Bd2
Bc5 21. Be3 Bb4 22. c3 Bf8 23. g3 Nc5 24. Nxc5 Bxc5 25. Bxc5 Rxc5 26. Nd6 b5
27. Nb7 Rc7 28. Nd6 Rc5 29. a3 Kf8 30. Kc2 Ne8 31. Ne4 Rc7 32. Rd5 Rb8 33. Rxe5
f6 34. Rd5 Re7 35. Re3 Nc7 36. Rd6 Rbe8 37. Kd2 Rxe4 38. Rd7 Rxe3 39. fxe3 Re7
40. Rd8+ Kf7 41. Rb8 Rd7+ 42. Ke2 Ke6 43. Rb7 Kd5 44. a4 Kc6 45. Rb8 bxa4 46.
Rb4 a3 47. Rc4+ Kb5 48. Rb4+ Ka5 49. bxa3 Nb5 50. Rb3 Nd6 51. Rb4 Nb5 52. Rb3
Nd6 1/2-1/2

[Event "Dokmus Internacional de Xadrez 2013"]
[Site "Recife"]
[Date "2013.01.18"]
[Round "2.7"]
[White "Azevedo Junior, Jose Ferreira"]
[Black "Brito, Luismar"]
[Result "0-1"]
[WhiteElo "2062"]
[BlackElo "2292"]
[PlyCount "84"]
[EventDate "2013.01.17"]

1. d4 Nf6 2. c4 e6 3. Nc3 Bb4 4. Nf3 b6 5. Bg5 h6 6. Bh4 Bb7 7. e3 Bxc3+ 8.
bxc3 d6 9. Be2 Nbd7 10. Qb3 Qe7 11. a4 a5 12. h3 g5 13. Bg3 Ne4 14. Bh2 h5 15.
Rg1 g4 16. Nd2 Ndf6 17. f3 Nxd2 18. Kxd2 O-O-O 19. e4 Bxe4 20. fxe4 Nxe4+ 21.
Kd3 Qg5 22. Rad1 Qg6 23. Kc2 g3 24. Bxg3 Qxg3 25. Bf3 Qf2+ 26. Kc1 Rhg8 27.
Rde1 d5 28. Re2 Qh4 29. cxd5 exd5 30. Bxe4 Qf4+ 31. Kc2 dxe4 32. Ree1 f5 33.
Qe6+ Kb7 34. d5 Rg7 35. Qc6+ Ka7 36. c4 Rd6 37. Qb5 Qe5 38. Rb1 Rg3 39. Qb2
Qxb2+ 40. Rxb2 c6 41. Rf1 Rf6 42. Rf2 cxd5 {ILEGÍVEL} 0-1

[Event "Dokmus Internacional de Xadrez 2013"]
[Site "Recife"]
[Date "2013.01.18"]
[Round "2.8"]
[White "Heinrichs, Vivian"]
[Black "Soares, Alberto Manoel Cola"]
[Result "1/2-1/2"]
[WhiteElo "1984"]
[BlackElo "2204"]
[PlyCount "88"]
[EventDate "2013.01.17"]

1. e4 d6 2. d4 Nf6 3. Nc3 c6 4. f4 Qa5 5. h3 Nxe4 6. Qf3 d5 7. Bd3 f5 8. Nge2
g6 9. g4 e6 10. gxf5 exf5 11. h4 Be6 12. h5 Bf7 13. hxg6 Bxg6 14. Bd2 Qc7 15.
Ng3 Qe7 16. O-O-O Nd7 17. Nh5 O-O-O 18. Be1 Re8 19. Bh4 Qf7 20. Be1 Bb4 21. a3
Nxc3 22. Bxc3 Bxc3 23. bxc3 Re7 24. Ng3 Rhe8 25. Qf2 Nb6 26. Kb2 Na4+ 27. Kb3
b5 28. Rde1 Re6 29. Rxe6 Qxe6 30. Rh6 Qd7 31. Rh1 Qe6 32. Rh6 Qd7 33. Rh1 a6
34. Re1 Rxe1 35. Qxe1 c5 36. dxc5 Nxc5+ 37. Kb2 Ne4 38. Qe3 Kb7 39. Ne2 Bh5 40.
Nd4 Bg4 41. Nb3 Qc7 42. Qd4 Kc8 43. Qh8+ Kb7 44. Qd4 Kc8 1/2-1/2

[Event "Dokmus Internacional de Xadrez 2013"]
[Site "Recife"]
[Date "2013.01.18"]
[Round "2.9"]
[White "Da Silva, Alessandro Rodrigues"]
[Black "Chang, Suzana"]
[Result "1/2-1/2"]
[WhiteElo "2198"]
[BlackElo "1979"]
[PlyCount "85"]
[EventDate "2013.01.17"]

1. f4 d5 2. e3 g6 3. d4 Bg7 4. Bd3 Nh6 5. c3 O-O 6. Nd2 Bf5 7. Be2 c5 8. Ngf3
Qc7 9. Nf1 Nd7 10. Ng3 Nf6 11. O-O Ne4 12. Nxe4 Bxe4 13. Ng5 Bf5 14. Bf3 Rad8
15. g4 Bc8 16. Nh3 f6 17. Nf2 Nf7 18. Qb3 c4 19. Qc2 e5 20. dxe5 fxe5 21. Rd1
d4 22. cxd4 exd4 23. exd4 Bxd4 24. Rxd4 Rxd4 25. Qc3 Rxf4 26. Bxf4 Qxf4 27. Bd5
Rd8 28. Re1 Kf8 29. Re4 Qd6 30. Bxf7 Kxf7 31. Rxc4 Be6 32. Rc7+ Rd7 33. Qf3+
Kg8 34. Rxb7 Bxa2 35. Rxd7 Qxd7 36. b3 Qf7 37. Qc3 Bxb3 38. Qc8+ Qf8 39. Qb7
Qf7 40. Qb8+ Kg7 41. Qe5+ Qf6 42. Qc7+ Qf7 43. Qe5+ 1/2-1/2

[Event "Dokmus Internacional de Xadrez 2013"]
[Site "Recife"]
[Date "2013.01.18"]
[Round "2.10"]
[White "Correia, Max Do Carmo"]
[Black "Fernandez, Maria Florencia"]
[Result "0-1"]
[WhiteElo "1975"]
[BlackElo "2188"]
[PlyCount "78"]
[EventDate "2013.01.17"]

1. e4 c5 2. Nf3 d6 3. d4 cxd4 4. Nxd4 Nf6 5. Nc3 g6 6. Be3 Bg7 7. f3 O-O 8. Qd2
Nc6 9. Bc4 Bd7 10. O-O-O Rb8 11. g4 b5 12. Bb3 Na5 13. Bh6 Bxh6 14. Qxh6 e5 15.
Nf5 Nxb3+ 16. axb3 gxf5 17. gxf5 Kh8 18. Rhg1 Rg8 19. Rxg8+ Nxg8 20. Qxd6 Rb7
21. Qxe5+ Qf6 22. Qg3 Qg7 23. Qf2 b4 24. Nd5 Bc6 25. Rg1 Qh6+ 26. Kb1 Bxd5 27.
Qd4+ Nf6 28. e5 Rb8 29. exf6 Qxh2 30. Rd1 Rd8 31. Qxb4 Qd6 32. Qh4 Qe5 33. Qh6
Qg3 34. Rh1 Qg8 35. Qh2 Bxf3 36. Rg1 Qxg1+ 37. Qxg1 Rd1+ 38. Qxd1 Bxd1 39. Kc1
Bg4 0-1

[Event "Dokmus Internacional de Xadrez 2013"]
[Site "Recife"]
[Date "2013.01.18"]
[Round "2.11"]
[White "De Almeida Jr, Benone Lopes"]
[Black "Azevedo, Edmundo Roberto Ramo"]
[Result "1/2-1/2"]
[WhiteElo "2184"]
[BlackElo "1972"]
[PlyCount "116"]
[EventDate "2013.01.17"]

1. c4 c6 2. Nc3 d5 3. d4 Nf6 4. Nf3 Bf5 5. e3 e6 6. Be2 h6 7. O-O Nbd7 8. Nd2
Bd6 9. Bf3 Qc7 10. g3 O-O 11. e4 dxe4 12. Ndxe4 Nxe4 13. Nxe4 Be7 14. Be3 Nf6
15. Nc3 Rfd8 16. Qe2 Rd7 17. Rfd1 Rad8 18. Rac1 Bb4 19. Na4 Qa5 20. b3 Ba3 21.
Ra1 Bd6 22. Bd2 Qc7 23. Bc3 Be7 24. Nb2 Ne8 25. Nd3 Bxd3 26. Rxd3 Bf6 27. Rad1
Qb6 28. Qd2 Qc7 29. Qb2 Rd6 30. Qa3 Qb8 31. Qb2 Qc7 32. a4 R6d7 33. a5 a6 34.
Kg2 Qb8 35. d5 Qc7 36. Be4 cxd5 37. cxd5 Bxc3 38. Rxc3 Qxa5 39. Ra1 Qb6 40.
dxe6 Qxe6 41. Bf3 Rd2 42. Rc2 R2d7 43. Re2 Qf6 44. Qa3 Qd6 45. Qa2 Nf6 46. Rae1
Qb4 47. Rc1 Rd3 48. Rc7 Qxb3 49. Rxb7 Qxa2 50. Rxa2 R3d6 51. Ra7 Rb8 52. R2xa6
Rxa6 53. Rxa6 Rd8 54. Ra7 g6 55. Be2 Rd7 56. Ra2 Kg7 57. h3 Ne4 58. Bf3 Rd2
1/2-1/2

[Event "Dokmus Internacional de Xadrez 2013"]
[Site "Recife"]
[Date "2013.01.18"]
[Round "3.1"]
[White "Milos, Gilberto"]
[Black "Souza, Rafael Cabral De"]
[Result "1-0"]
[WhiteElo "2580"]
[BlackElo "2166"]
[PlyCount "61"]
[EventDate "2013.01.17"]

1. c4 c5 2. Nf3 Nf6 3. Nc3 d5 4. cxd5 Nxd5 5. g3 Nc6 6. Bg2 Nc7 7. a3 e5 8. b4
cxb4 9. axb4 e4 10. Nxe4 Bxb4 11. Bb2 O-O 12. O-O Bf5 13. Nh4 Be6 14. f4 f6 15.
e3 Qd7 16. d3 Bg4 17. Qc2 Nd5 18. Qf2 Nde7 19. d4 a5 20. f5 Nd5 21. h3 Bh5 22.
g4 Bf7 23. g5 fxg5 24. Nxg5 Nf6 25. e4 Bc4 26. Rfc1 b5 27. d5 Qd6 28. Ne6 Rfe8
29. Kh1 Rxe6 30. fxe6 Bc5 31. Nf5 1-0

[Event "Dokmus Internacional de Xadrez 2013"]
[Site "Recife"]
[Date "2013.01.18"]
[Round "3.2"]
[White "Matsuura, Everaldo"]
[Black "Lopes Fo, Jorge Antonio Ferrei"]
[Result "1-0"]
[WhiteElo "2475"]
[BlackElo "2156"]
[PlyCount "67"]
[EventDate "2013.01.17"]

1. e4 c5 2. Nf3 Nf6 3. e5 Nd5 4. Nc3 Nxc3 5. dxc3 d5 6. Bf4 Nc6 7. Qd2 Bg4 8.
Be2 e6 9. h3 Bxf3 10. Bxf3 Qb6 11. O-O Be7 12. Rab1 O-O 13. g4 Qa5 14. Rfe1 b5
15. Bg2 Rac8 16. Qe2 Qa4 17. Bg3 b4 18. f4 bxc3 19. bxc3 Rb8 20. f5 Rxb1 21.
Rxb1 Rb8 22. Rxb8+ Nxb8 23. c4 Qxc4 24. Qxc4 dxc4 25. Bf1 Nc6 26. Bxc4 exf5 27.
gxf5 Nd4 28. Bd3 c4 29. Bxc4 Nxc2 30. Bf2 a5 31. Kg2 Bh4 32. Bc5 Ne1+ 33. Kh1
Nf3 34. e6 1-0

[Event "Dokmus Internacional de Xadrez 2013"]
[Site "Recife"]
[Date "2013.01.18"]
[Round "3.3"]
[White "Reis, Paulo F. Jatoba De O"]
[Black "Pinto, Carlos Henrique Lope"]
[Result "1-0"]
[WhiteElo "2414"]
[BlackElo "2123"]
[PlyCount "47"]
[EventDate "2013.01.17"]

1. c4 d6 2. g3 f5 3. Bg2 g6 4. Nc3 Bg7 5. d3 Nf6 6. e4 O-O 7. Nge2 c6 8. O-O
Na6 9. h3 Qb6 10. Rb1 fxe4 11. dxe4 Be6 12. b3 Kh8 13. Be3 Qa5 14. Qd2 Rf7 15.
f4 Raf8 16. f5 gxf5 17. Nd4 Ng8 18. g4 Nc7 19. b4 Qe5 20. Rbe1 c5 21. Bf2 Qf6
22. bxc5 dxc5 23. Nd5 Qe5 24. Nf3 1-0

[Event "Dokmus Internacional de Xadrez 2013"]
[Site "Recife"]
[Date "2013.01.18"]
[Round "3.4"]
[White "Araujo, Sergio Murilo"]
[Black "Macedo, Maximo Iack"]
[Result "0-1"]
[WhiteElo "2115"]
[BlackElo "2408"]
[PlyCount "63"]
[EventDate "2013.01.17"]

1. c4 e6 2. Nc3 d5 3. e3 Nf6 4. Nf3 c5 5. d4 Nc6 6. Bd3 a6 7. a3 dxc4 8. Bxc4
b5 9. Bd3 cxd4 10. exd4 Bb7 11. O-O Be7 12. Be3 O-O 13. Qe2 Nd5 14. Ne4 Nxe3
15. Qxe3 Na5 16. Rac1 Bd5 17. Nfd2 Rc8 18. Rfd1 Nc4 19. Nxc4 bxc4 20. Bb1 Qb6
21. Nc3 Bb7 22. Qe2 Bf6 23. Ne4 Bxd4 24. Ng5 g6 25. Rxc4 Bxf2+ 26. Kh1 Rxc4 27.
Qxc4 Qxb2 28. Ne4 Bh4 29. Bd3 Bd5 30. Qa4 Rd8 31. Bf1 a5 32. Nd2 0-1

[Event "Dokmus Internacional de Xadrez 2013"]
[Site "Recife"]
[Date "2013.01.18"]
[Round "3.5"]
[White "Santiago, Yago De Moura"]
[Black "Maia, Jose Eduardo Bastos"]
[Result "1-0"]
[WhiteElo "2405"]
[BlackElo "2117"]
[PlyCount "85"]
[EventDate "2013.01.17"]

1. Nf3 d5 2. c4 e6 3. e3 Nf6 4. Nc3 c5 5. cxd5 exd5 6. d4 Nc6 7. Be2 a6 8. O-O
Bd6 9. dxc5 Bxc5 10. b3 O-O 11. Bb2 Be6 12. Na4 Ba7 13. Rc1 Rc8 14. Ba3 Re8 15.
Bc5 Bb8 16. g3 Ne4 17. Bd4 Nxd4 18. Qxd4 Qa5 19. Qb2 Bd6 20. a3 b5 21. b4 Qd8
22. Rxc8 Bxc8 23. Nc3 Qf6 24. Nd4 Bh3 25. Nxe4 Rxe4 26. Rc1 Be5 27. Qc2 g6 28.
Nc6 Bf5 29. Nxe5 Qxe5 30. Qb3 h5 31. Rd1 Be6 32. Qc2 h4 33. Qd2 hxg3 34. hxg3
Qf6 35. f3 Re5 36. Qd4 Qg5 37. Kf2 Qh5 38. Rg1 Qh8 39. f4 Re4 40. Qxh8+ Kxh8
41. Bd3 Rc4 42. Bxc4 dxc4 43. e4 1-0

[Event "Dokmus Internacional de Xadrez 2013"]
[Site "Recife"]
[Date "2013.01.18"]
[Round "3.6"]
[White "Brito, Luismar"]
[Black "De Moura, Sergio Jovelino"]
[Result "1/2-1/2"]
[WhiteElo "2292"]
[BlackElo "2110"]
[PlyCount "57"]
[EventDate "2013.01.17"]

1. e4 c5 2. Nf3 d6 3. d4 cxd4 4. Nxd4 Nf6 5. Nc3 a6 6. Bg5 e6 7. f4 Nbd7 8. Qf3
Qc7 9. O-O-O b5 10. e5 Bb7 11. Qh3 dxe5 12. Nxe6 fxe6 13. Qxe6+ Be7 14. Nxb5
axb5 15. Bxb5 O-O-O 16. Qxe7 h6 17. fxe5 hxg5 18. exf6 Nxf6 19. Rxd8+ Rxd8 20.
Qxc7+ Kxc7 21. Re1 Bxg2 22. Re7+ Kb6 23. a4 Bf3 24. b3 Nh5 25. Kb2 g4 26. Kc3
Nf6 27. Rxg7 Nd5+ 28. Kb2 Rh8 29. Bd7 1/2-1/2

[Event "Dokmus Internacional de Xadrez 2013"]
[Site "Recife"]
[Date "2013.01.18"]
[Round "3.8"]
[White "Chang, Suzana"]
[Black "Pereira, Silvio Cunha"]
[Result "0-1"]
[WhiteElo "1979"]
[BlackElo "2297"]
[PlyCount "64"]
[EventDate "2013.01.17"]

1. e4 e5 2. Nf3 Nc6 3. Bb5 a6 4. Bxc6 dxc6 5. O-O Bd6 6. d4 exd4 7. e5 Bc5 8.
Bg5 Qd5 9. Nbd2 h6 10. Bh4 Ne7 11. Nb3 Bb6 12. Bxe7 Kxe7 13. Nfxd4 Rd8 14. c3
c5 15. Nf3 Qxd1 16. Raxd1 Bg4 17. Rxd8 Rxd8 18. Nbd2 Ba7 19. h3 Bf5 20. c4 c6
21. Re1 Bb8 22. Re3 Bc7 23. Rb3 b5 24. Ra3 a5 25. g4 Bd3 26. Rc3 b4 27. Rc1 a4
28. Re1 Bc2 29. Rc1 b3 30. axb3 axb3 31. Re1 Ba5 32. Re2 Bd1 0-1

[Event "Dokmus Internacional de Xadrez 2013"]
[Site "Recife"]
[Date "2013.01.18"]
[Round "3.9"]
[White "Soares, Alberto Manoel Colar"]
[Black "Schucman, Rebeca Lot"]
[Result "1-0"]
[WhiteElo "2204"]
[BlackElo "1633"]
[PlyCount "51"]
[EventDate "2013.01.17"]

1. c4 c5 2. g3 Nc6 3. Bg2 g6 4. Nc3 Bg7 5. a3 Nf6 6. Rb1 a5 7. e4 d6 8. Nge2
O-O 9. O-O Ne8 10. d3 Nc7 11. f4 Ne6 12. f5 Ned4 13. g4 Rb8 14. a4 Nxe2+ 15.
Nxe2 Nd4 16. Be3 Nxe2+ 17. Qxe2 Bd7 18. b3 e6 19. Qf2 e5 20. f6 Bh8 21. Qh4 Re8
22. Bh3 h5 23. gxh5 Bxh3 24. hxg6 fxg6 25. f7+ Kf8 26. Qxh8+ 1-0

[Event "Dokmus Internacional de Xadrez 2013"]
[Site "Recife"]
[Date "2013.01.18"]
[Round "3.10"]
[White "Azevedo, Edmundo Roberto Ramo"]
[Black "Da Silva, Alessandro Rodrigues"]
[Result "1/2-1/2"]
[WhiteElo "1972"]
[BlackElo "2198"]
[PlyCount "125"]
[EventDate "2013.01.17"]

1. d4 d5 2. Bf4 c6 3. e3 e6 4. Nf3 Nd7 5. Bd3 f5 6. O-O Ngf6 7. c4 Ne4 8. Ne5
g6 9. Nxd7 Bxd7 10. Be5 Nf6 11. Nd2 Bg7 12. Qb3 b6 13. cxd5 exd5 14. Qb4 Kf7
15. Nf3 Re8 16. Ba6 Bc8 17. Bxc8 Rxc8 18. Rac1 Kg8 19. Rc2 Qd7 20. Rfc1 h6 21.
Qa4 c5 22. Qa6 Re6 23. dxc5 bxc5 24. Qa5 Bf8 25. Bxf6 Rxf6 26. Rd1 f4 27. Qd2
fxe3 28. Qxd5+ Qxd5 29. Rxd5 exf2+ 30. Kxf2 Re8 31. b3 g5 32. h3 Bd6 33. Re2
Bg3+ 34. Kf1 Rxe2 35. Kxe2 Re6+ 36. Kd3 Ra6 37. a4 Rb6 38. Ke4 Rb4+ 39. Kd3 Bf2
40. Rd8+ Kg7 41. Rd7+ Kf6 42. Rxa7 g4 43. Ra6+ Kg7 44. Nh2 gxh3 45. gxh3 Rh4
46. Ng4 Rxh3+ 47. Kc2 Bd4 48. Nxh6 Rc3+ 49. Kd2 Rf3 50. Re6 Rf4 51. Kd3 Bf6 52.
Rc6 Kxh6 53. a5 Rf3+ 54. Kc4 Rf1 55. Rxc5 Rb1 56. Rc6 Kg7 57. Rb6 Bd8 58. Rb7+
Kf6 59. a6 Ra1 60. a7 Ke6 61. Rb8 Rxa7 62. Rxd8 Rb7 63. Rd3 1/2-1/2

[Event "Dokmus Internacional de Xadrez 2013"]
[Site "Recife"]
[Date "2013.01.18"]
[Round "4.1"]
[White "Milos, Gilberto"]
[Black "Iack, Maximo"]
[Result "0-1"]
[WhiteElo "2580"]
[BlackElo "2408"]
[PlyCount "76"]
[EventDate "2013.01.17"]
[EventRounds "4"]

1. d4 Nf6 2. c4 g6 3. g3 Bg7 4. Bg2 O-O 5. Nf3 d6 6. Nc3 Nbd7 7. O-O e5 8. e4
c6 9. h3 Qb6 10. d5 cxd5 11. cxd5 Nc5 12. Qc2 Bd7 13. Be3 Rac8 14. Nd2 Qd8 15.
a4 Ne8 16. Rfc1 f5 17. exf5 gxf5 18. f4 e4 19. Bf1 h5 20. Qd1 Nf6 21. Nb3 h4
22. Nxc5 dxc5 23. gxh4 Ne8 24. Rc2 Qxh4 25. Rg2 Nd6 26. b4 cxb4 27. Bd4 Rf7 28.
Ne2 Kh7 29. Rg5 Rg8 30. Bf2 Qh6 31. Rb1 Bf6 32. h4 e3 33. Bxe3 Qxh4 34. Rxg8
Kxg8 35. Bg2 a5 36. Nd4 Rg7 37. Nf3 Qg3 38. Qe2 Bxa4 0-1

[Event "Dokmus Internacional de Xadrez 2013"]
[Site "Recife"]
[Date "2013.01.19"]
[Round "4.2"]
[White "Matsuura, Everaldo"]
[Black "Santiago, Yago De Moura"]
[Result "1/2-1/2"]
[WhiteElo "2475"]
[BlackElo "2405"]
[Annotator "Elihimas"]
[PlyCount "66"]
[EventDate "2013.01.17"]

1. c4 g6 2. Nc3 Bg7 3. d4 Nf6 4. e4 d6 5. Nf3 O-O 6. Be2 Na6 7. O-O e5 8. Re1
exd4 9. Nxd4 Nc5 10. Bf1 c6 11. Rb1 a5 12. f3 a4 13. Be3 Qa5 14. Qd2 Nfd7 15.
Nc2 Be5 16. Red1 Re8 17. Qf2 Qc7 18. Nd4 d5 19. f4 Bxd4 20. Bxd4 Nxe4 21. Nxe4
Rxe4 22. Re1 c5 23. Rxe4 dxe4 24. Bc3 Ra6 25. f5 Ne5 26. f6 Ng4 27. Qh4 Qf4 28.
Rd1 Rd6 29. Rxd6 Qxd6 30. Be2 Qf4 31. Bxg4 Bxg4 32. h3 Qe3+ 33. Qf2 Qxf2+
1/2-1/2

[Event "Dokmus Internacional de Xadrez 2013"]
[Site "Recife"]
[Date "2013.01.19"]
[Round "4.3"]
[White "Fernandez, Maria Florencia"]
[Black "Reis, Paulo F. Jatoba De O"]
[Result "0-1"]
[WhiteElo "2188"]
[BlackElo "2414"]
[Annotator "Doe,John"]
[PlyCount "55"]
[EventDate "2013.01.17"]

1. d4 e6 2. c4 Nf6 3. Nc3 Bb4 4. e3 c5 5. Bd3 Nc6 6. Nf3 Bxc3+ 7. bxc3 d6 8. e4
e5 9. d5 Ne7 10. O-O O-O 11. h3 Ng6 12. Bg5 h6 13. Be3 Nh5 14. Kh2 Nhf4 15. Ng1
Nxd3 16. Qxd3 f5 17. f3 Qa5 18. Ne2 Bd7 19. Qc2 Qa6 20. Rfb1 fxe4 21. fxe4 Qxc4
22. Rxb7 Ba4 23. Qd2 Qxe4 24. Bxh6 Rf2 25. Rxg7+ Kh8 26. Qg5 Nh4 27. Rh7+ Qxh7
28. Qxh4 {PARTIDA ILEGÍVEL} 0-1

[Event "Dokmus Internacional de Xadrez 2013"]
[Site "Recife"]
[Date "2013.01.19"]
[Round "4.4"]
[White "Pereira, Silvio Cunha"]
[Black "Soares, Alberto Manoel Colar"]
[Result "1-0"]
[WhiteElo "2297"]
[BlackElo "2204"]
[Annotator "Doe,John"]
[PlyCount "112"]
[EventDate "2013.01.17"]

1. e4 d6 2. d4 Nf6 3. Nc3 c6 4. f4 Qa5 5. Bd3 e5 6. Nf3 exd4 7. Nxd4 g6 8. Qf3
Bg7 9. h3 O-O 10. Nde2 Nbd7 11. Bd2 Nc5 12. g4 Qc7 13. Ng3 Nxd3+ 14. cxd3 Nd7
15. Nd1 Re8 16. Bc3 d5 17. Bxg7 dxe4 18. dxe4 Kxg7 19. O-O f6 20. Qc3 Qb6+ 21.
Nf2 Qc5 22. Qd2 Qe7 23. Rae1 b6 24. Rd1 Nf8 25. Rfe1 Bb7 26. e5 c5 27. f5 Rad8
28. Qc3 Rxd1 29. Nxd1 fxe5 30. Nf2 Nd7 31. Rd1 Bc6 32. Qe3 Rf8 33. Nfe4 Kh8 34.
fxg6 hxg6 35. Rd6 Bxe4 36. Qh6+ Qh7 37. Qxh7+ Kxh7 38. Rxd7+ Kg8 39. Nxe4 Rf4
40. Ng5 Ra4 41. a3 c4 42. Ne4 Ra5 43. g5 Rb5 44. Rd2 Rb3 45. Kg2 Re3 46. Nd6 c3
47. bxc3 Rxc3 48. Nb5 Rc5 49. Nxa7 Rb5 50. Nc6 Rb3 51. Nxe5 Rb5 52. Rd8+ Kg7
53. Rd7+ Kg8 54. Re7 Rb2+ 55. Kg3 Rb3+ 56. Nf3 {ILEGIVEL} Rxa3 {ILEGIVEL} 1-0

[Event "Dokmus Internacional de Xadrez 2013"]
[Site "Recife"]
[Date "2013.01.19"]
[Round "4.5"]
[White "De Almeida Jr, Benone Lopes"]
[Black "Brito, Luismar"]
[Result "1/2-1/2"]
[WhiteElo "2184"]
[BlackElo "2292"]
[PlyCount "62"]
[EventDate "2013.01.17"]

1. e4 c5 2. Nf3 e6 3. d4 cxd4 4. Nxd4 Nf6 5. Nc3 d6 6. g4 Nc6 7. Be3 Be7 8. Rg1
d5 9. Bb5 Qc7 10. exd5 Nxd5 11. Nxd5 exd5 12. Qf3 O-O 13. O-O-O Rd8 14. Kb1 a6
15. Bd3 Nb4 16. Bxh7+ Kxh7 17. Qxf7 Rf8 18. Qh5+ Kg8 19. a3 Nc6 20. Qxd5+ Rf7
21. g5 g6 22. Ne6 Qe5 23. Qxe5 Nxe5 24. Nc7 Rb8 25. Ba7 Nc6 26. Bxb8 Nxb8 27.
Rge1 Nc6 28. Nd5 Kf8 29. f4 Bf5 30. Rd2 Bd8 31. b3 Ne7 1/2-1/2

[Event "Dokmus Internacional de Xadrez 2013"]
[Site "Recife"]
[Date "2013.01.19"]
[Round "4.6"]
[White "De Moura, Sergio Jovelino"]
[Black "Da Silva, Alessandro Rodrigues"]
[Result "0-1"]
[WhiteElo "2110"]
[BlackElo "2198"]
[PlyCount "140"]
[EventDate "2013.01.17"]

1. e4 c5 2. Nf3 d6 3. d4 cxd4 4. Nxd4 Nf6 5. Nc3 g6 6. Be3 Bg7 7. f3 Nc6 8. Qd2
O-O 9. Bc4 Bd7 10. O-O-O Rb8 11. Bb3 Na5 12. Bh6 b5 13. h4 e5 14. Bxg7 Kxg7 15.
Nde2 b4 16. Nd5 Nxb3+ 17. cxb3 Nxd5 18. Qxd5 Rb6 19. Qd2 Ra6 20. Kb1 Qa5 21.
Nc1 Be6 22. h5 Bxb3 23. a3 Bxd1 24. hxg6 Bc2+ 25. Ka1 hxg6 26. Qh6+ Kf6 27.
Qxf8 bxa3 28. b4 Qc7 29. Na2 Rb6 30. Qh8+ Ke7 31. Qh4+ Ke6 32. Qg4+ Ke7 33.
Qh4+ Kd7 34. Rc1 Qc4 35. Qf2 Rc6 36. Qxa7+ Rc7 37. Qxa3 Qd4+ 38. Qb2 Rc4 39. b5
Kc7 40. b6+ Kb7 41. g3 Bb3 42. Rxc4 Bxc4 43. Nc3 Qg1+ 44. Qb1 Qxb1+ 45. Kxb1
Kxb6 46. Kc2 Kc5 47. Kd2 Kd4 48. g4 f6 49. Nd1 d5 50. exd5 Bxd5 51. Ke2 Bc4+
52. Kf2 Be6 53. Kg3 Bd5 54. Kf2 Be6 55. Kg3 Bd7 56. Nf2 Bc6 57. Nd1 Ba4 58. Nf2
Bc6 59. Nd1 Ba4 60. Nf2 Bc2 61. Nh3 Ke3 62. Nf2 Bd3 63. Nh3 Be2 64. Nf2 e4 65.
g5 f5 66. f4 Bf3 67. Nh3 Bh5 68. Nf2 Kd2 69. Nxe4+ fxe4 70. Kh4 Bd1 0-1

[Event "Dokmus Internacional de Xadrez 2013"]
[Site "Recife"]
[Date "2013.01.19"]
[Round "4.7"]
[White "Souza, Rafael Cabral De"]
[Black "Azevedo, Edmundo Roberto Ramo"]
[Result "1-0"]
[WhiteElo "2166"]
[BlackElo "1972"]
[PlyCount "47"]
[EventDate "2013.01.17"]

1. e4 c6 2. d4 d5 3. exd5 cxd5 4. Nf3 Bg4 5. c3 Bxf3 6. Qxf3 e6 7. Bd3 Nc6 8.
O-O Nf6 9. Bg5 Be7 10. Nd2 Nd7 11. Bxe7 Qxe7 12. Qg3 O-O 13. f4 Qd6 14. Qh4 g6
15. Rf3 Qe7 16. Qf2 Qf6 17. Nf1 Rab8 18. Ne3 Ne7 19. Bb5 Nb6 20. Ng4 Qg7 21.
Qh4 Nf5 22. Nf6+ Kh8 23. Qg5 Qh6 24. Rh3 1-0

[Event "Dokmus Internacional de Xadrez 2013"]
[Site "Recife"]
[Date "2013.01.19"]
[Round "4.8"]
[White "Lopes Fo, Jorge Antonio Ferrei"]
[Black "Rocha, Vitor Firmo De Souza"]
[Result "0-1"]
[WhiteElo "2156"]
[BlackElo "1970"]
[Annotator "Doe,John"]
[PlyCount "58"]
[EventDate "2013.01.17"]

1. e4 c6 2. d4 d5 3. e5 c5 4. dxc5 e6 5. Be3 Qc7 6. Nf3 Bd7 7. Nc3 a6 8. Qd4
Nc6 9. Qf4 Nge7 10. Bd3 O-O-O 11. h4 f6 12. exf6 Qxf4 13. Bxf4 gxf6 14. Bd6 e5
15. Na4 Re8 16. Nb6+ Kd8 17. Bxe7+ Bxe7 18. Be2 e4 19. Nd2 Nb4 20. O-O-O Bxc5
21. Nxd7 Kxd7 22. a3 Nc6 23. Bg4+ Kc7 24. Rhf1 Bb6 25. Rde1 Rhg8 26. Bh5 Re5
27. c4 f5 28. f4 Re7 {Ilegivel} 29. Nf3 Ree8 0-1